00910nam a2200205Ia 4500008004100000020001500041040001800056041000800074100001900082245013100101260009500232300005000327650002200377650005500399650004700454650006100501650006100562710004300623710003800666130821s2003 ck a gr spa  a9586168298 aCo-BoUCMbspa00aspa1 aRubiano, Norma10aConflicto y violencia intrafamiliar diagnóstico de la violencia intrafamiliar en Bogotá, D.C.cNorma Rubiano... [et al.]  aBogotá (Colombia)bAlcaldía Mayor de Bogotá, Universidad Externado de Colombiac2003 a262 páginasbilustraciones, tablas, cuadros04aDesarrollo social04aFamiliaxCondiciones socialeszBogotá (Colombia)04aTribunales de familiazBogotá (Colombia)04aViolencia familiarxInvestigacioneszBogotá (Colombia)04aViolencia infantilxInvestigacioneszBogotá (Colombia)1 aBogotá (Colombia).bAlcaldía Mayor2 aUniversidad Externado de Colombia